<?xml version="1.0" encoding="UTF-8"?>
<record
    xmlns:xsi="http://www.w3.org/2001/XMLSchema-instance"
    xsi:schemaLocation="http://www.loc.gov/MARC21/slim http://www.loc.gov/standards/marcxml/schema/MARC21slim.xsd"
    xmlns="http://www.loc.gov/MARC21/slim">

  <leader>00906nam a22002537a 4500</leader>
  <controlfield tag="005">20170123162347.0</controlfield>
  <datafield tag="010" ind1=" " ind2=" ">
    <subfield code="a">A-842698</subfield>
  </datafield>
  <datafield tag="020" ind1=" " ind2=" ">
    <subfield code="c">15.00</subfield>
  </datafield>
  <datafield tag="035" ind1=" " ind2=" ">
    <subfield code="a">A-842698</subfield>
  </datafield>
  <datafield tag="037" ind1=" " ind2=" ">
    <subfield code="b">Cen Lib/Ret</subfield>
  </datafield>
  <datafield tag="040" ind1=" " ind2=" ">
    <subfield code="a">DPL</subfield>
    <subfield code="b">UR</subfield>
  </datafield>
  <datafield tag="082" ind1=" " ind2=" ">
    <subfield code="a">463.34</subfield>
    <subfield code="b">&#x645; &#x62D; &#x645; </subfield>
  </datafield>
  <datafield tag="245" ind1=" " ind2=" ">
    <subfield code="a">&#x628;&#x646;&#x6AF;&#x644;&#x6C1; &#x627;&#x631;&#x62F;&#x648; &#x688;&#x6A9;&#x634;&#x646;&#x631;&#x6CC; /</subfield>
    <subfield code="c">&#x645;&#x631;&#x62A;&#x628;&#x6C1; &#x645;&#x62D;&#x645;&#x651;&#x62F; &#x627;&#x645;&#x6CC;&#x646; </subfield>
  </datafield>
  <datafield tag="246" ind1=" " ind2=" ">
    <subfield code="a">Bangla urdu dictionary /</subfield>
    <subfield code="b">edited by Momammad Ameen </subfield>
  </datafield>
  <datafield tag="260" ind1=" " ind2=" ">
    <subfield code="a">&#x6A9;&#x644;&#x6A9;&#x62A;&#x6C1; </subfield>
    <subfield code="b">&#x628;&#x646;&#x6AF;&#x627;&#x644;&#x6CC; &#x627;&#x631;&#x62F;&#x648; &#x627;&#x6A9;&#x627;&#x62F;&#x645;&#x6CC; </subfield>
    <subfield code="c">1989</subfield>
  </datafield>
  <datafield tag="270" ind1=" " ind2=" ">
    <subfield code="b">&#x6A9;&#x644;&#x6A9;&#x62A;&#x6C1; </subfield>
    <subfield code="a">&#x661;&#x667;&#x60C; &#x633;&#x646;&#x62F;&#x631;&#x6CC; &#x645;&#x648;&#x6C1;&#x646; &#x627;&#x6CC;&#x648;&#x646;&#x6CC;&#x648; </subfield>
    <subfield code="e">700014</subfield>
  </datafield>
  <datafield tag="300" ind1=" " ind2=" ">
    <subfield code="a">256p.</subfield>
    <subfield code="c">21cm(Hb)</subfield>
  </datafield>
  <datafield tag="650" ind1=" " ind2=" ">
    <subfield code="a">&#x632;&#x628;&#x627;&#x646;&#x6CC;&#x6BA; - &#x627;&#x631;&#x62F;&#x648;-&#x628;&#x646;&#x6AF;&#x627;&#x644;&#x6CC;</subfield>
    <subfield code="9">134299</subfield>
  </datafield>
  <datafield tag="650" ind1=" " ind2=" ">
    <subfield code="a"> &#x627;&#x631;&#x62F;&#x648;-&#x628;&#x646;&#x6AF;&#x627;&#x644;&#x6CC; &#x688;&#x6A9;&#x634;&#x646;&#x631;&#x6CC;</subfield>
    <subfield code="9">114356</subfield>
  </datafield>
  <datafield tag="650" ind1=" " ind2=" ">
    <subfield code="a">Languagres -- Urdu-Bengali</subfield>
    <subfield code="9">134300</subfield>
  </datafield>
  <datafield tag="650" ind1=" " ind2=" ">
    <subfield code="a">Urdu-Bengali Dictionary</subfield>
    <subfield code="9">134301</subfield>
  </datafield>
  <datafield tag="700" ind1=" " ind2=" ">
    <subfield code="a">&#x645;&#x62D;&#x645;&#x651;&#x62F; &#x627;&#x645;&#x6CC;&#x646; </subfield>
    <subfield code="9">134302</subfield>
  </datafield>
  <datafield tag="942" ind1=" " ind2=" ">
    <subfield code="2">ddc</subfield>
    <subfield code="c">UR</subfield>
    <subfield code="h">463.34</subfield>
    <subfield code="m">&#x645; &#x62D; &#x645; </subfield>
  </datafield>
  <datafield tag="999" ind1=" " ind2=" ">
    <subfield code="c">108981</subfield>
    <subfield code="d">108981</subfield>
  </datafield>
  <datafield tag="952" ind1=" " ind2=" ">
    <subfield code="0">0</subfield>
    <subfield code="1">0</subfield>
    <subfield code="4">0</subfield>
    <subfield code="7">0</subfield>
    <subfield code="a">L</subfield>
    <subfield code="b">L</subfield>
    <subfield code="d">2016-02-17</subfield>
    <subfield code="e">Cen Lib/Ret</subfield>
    <subfield code="g">15.00</subfield>
    <subfield code="l">1</subfield>
    <subfield code="o">463.34 &#x645; &#x62D; &#x645;</subfield>
    <subfield code="p">A-842698</subfield>
    <subfield code="r">2019-03-05 00:00:00</subfield>
    <subfield code="s">2019-02-21</subfield>
    <subfield code="t">1</subfield>
    <subfield code="v">15.00</subfield>
    <subfield code="w">2016-02-17</subfield>
    <subfield code="y">UR</subfield>
  </datafield>
</record>
